Novas tecnologias e mediação pedagógica (Record no. 67314)

MARC details
000 -LÍDER
campo de controle de tamanho fixo 00471 a2200157 4500
001 - NÚMERO DE CONTROLE
campo de controle 67314
020 ## - ISBN - INTERNATIONAL STANDARD BOOK NUMBER
ISBN - International Standard Book Number 8530805941
040 ## - FONTE DA CATALOGAÇÃO
Instituição que transcreveu o registro Anchieta - Pituba
100 ## - ENTRADA PRINCIPAL--NOME PESSOAL
Nome pessoal Masetto, Marcos T.
240 10 - TÍTULO UNIFORME
Título uniforme Novas tecnologias e mediação pedagógica
Idioma da obra por
245 10 - TÍTULO
Título Novas tecnologias e mediação pedagógica
300 ## - DESCRIÇÃO FÍSICA
Extensão 173
362 0# - DATAS DE PUBLICAÇÃO E/OU DESIGNAÇÃO SEQUENCIAL
Datas de publicação e/ou designação sequencial 2000
650 #4 - ASSUNTO--TERMO TÓPICO
Cabeçalho tópico ou nome geográfico Equipamento e material de ensino / Experiências / Avaliação através de materiais de uso do aluno
942 ## - ELEMENTOS DE ENTRADA ADICIONADOS (KOHA)
Tipo de material Koha Livros
Holdings
Situação do descarte Situação das perdas Situação física Não pode ser emprestado Biblioteca de origem Biblioteca atual Data de aquisição Total de empréstimos Número de chamada completo Código de barras Data de último acesso Data do preço efetivo Tipo de material Koha
        Colégio Anchieta - Pituba Colégio Anchieta - Pituba 21/11/2023   371.33 M829n MOR NOV 22184/PIT 21/11/2023 21/11/2023 Livros